01224cam a2200265 a 450000100090000000300040000900500170001300800410003001000170007102000180008802000250010604000180013104300120014905000260016108200230018710000310021024501370024126000630037830000250044150400640046650502570053065000380078765100510082585600820087614636818OSt20230902114454.0061116s2007 enk b 001 0 eng  a 2006037995 a9781845421274 a9781847209757 (pbk.) aDLCcDLCdDLC an-us---00aHC106.3b.P33468 200700a330.9730917bPAR/E1 aParker, Randall E.,d1960-14aThe economics of the great depression :ba twenty-first century look back at the economics of the interwar era /cRandall E. Parker. aCheltenham, UK ;aNorthampton, MA :bEdward Elgar,cc2007. axi, 257 p. ;c24 cm. aIncludes bibliographical references (p. 242-255) and index.0 aAn overview of the great depression -- Peter Temin -- Ben Bernanke -- James Hamilton -- Robert Lucas -- Lee Ohanian -- Christina Romer -- Barry Eichengreen -- Stephen Cecchetti -- James Butkiewicz -- Michael Bordo -- Charles Calomiris -- Allan Meltzer. 0aDepressionsy1929zUnited States. 0aUnited StatesxEconomic conditionsy1918-1945.413Table of contents onlyuhttp://www.loc.gov/catdir/toc/ecip074/2006037995.html